Fade to buzz : (Record no. 339836)
[ view plain ]
| 000 -LEADER | |
|---|---|
| fixed length control field | 00746nam a2200229Ia 4500 |
| 008 - FIXED-LENGTH DATA ELEMENTS--GENERAL INFORMATION | |
| fixed length control field | 170711s9999 xx 000 0 und d |
| 050 ## - LIBRARY OF CONGRESS CALL NUMBER | |
| Classification number | 780 |
| 050 ## - LIBRARY OF CONGRESS CALL NUMBER | |
| Item number | P267 2007 |
| 100 ## - MAIN ENTRY--PERSONAL NAME | |
| Personal name | Parsons, John |
| 245 ## - TITLE STATEMENT | |
| Title | Fade to buzz : |
| 245 ## - TITLE STATEMENT | |
| Remainder of title | an album by rule of thumb / |
| 245 ## - TITLE STATEMENT | |
| Statement of responsibility, etc | by John Parsons. |
| 260 ## - PUBLICATION, DISTRIBUTION, ETC. (IMPRINT) | |
| Place of publication, distribution, etc | USA : |
| 260 ## - PUBLICATION, DISTRIBUTION, ETC. (IMPRINT) | |
| Name of publisher, distributor, etc | Rule of thumb, |
| 260 ## - PUBLICATION, DISTRIBUTION, ETC. (IMPRINT) | |
| Date of publication, distribution, etc | 2007 |
| 300 ## - PHYSICAL DESCRIPTION | |
| Extent | unpaged : |
| 300 ## - PHYSICAL DESCRIPTION | |
| Other physical details | colored illustrations ; |
| 300 ## - PHYSICAL DESCRIPTION | |
| Dimensions | 17cm. |
| 500 ## - GENERAL NOTE | |
| General note | Contents : Sidereal day -- The 99 --Nom de plume -- Edgewise -- The rays -- Never saying anything -- Tornado man -- Hiss -- High horse -- Bus you ride -- Evergreen -- On a Saturday -- A list -- Watershed -- Goodbye blue Monday. |
| 650 ## - SUBJECT ADDED ENTRY--TOPICAL TERM | |
| Topical term or geographic name as entry element | Music. |
| 700 ## - ADDED ENTRY--PERSONAL NAME | |
| Personal name | Title. |
No items available.